Съчинения (Запис номер 134557)
[ съкратено ]
| 000 -Лидер | |
|---|---|
| Лидер | 01511nam a2200361 a 4500 |
| 003 - Код на организацията, давaща контролен номер | |
| Код на организацията, даваща контролен номер | BLK |
| 005 - Дата и час на последна редакция | |
| Дата и час на последна редакция | 20230728005204.0 |
| 008 - Елементи от данни с фиксирана дължина | |
| Елементи с фиксирана дължина | 180409b bul|||||r ||||||| ||bul|| |
| 040 ## - Източник на каталожния запис | |
| Код на библиотеката | BLK |
| 041 ## - Код за език | |
| Език | Български |
| Език за КДБФ | Български |
| 072 #7 - Код за тематичната категория | |
| Код организация | bullib |
| Код за тематична категория | К |
| Текст | Краезнание |
| 080 ## - УДК | |
| УДК текст | Българска литература |
| УДК код | 821.163.2 |
| УДК – определител | (081.1) |
| УДК – код + определител | 821.163.2(081.1) |
| 080 ## - УДК | |
| УДК текст | Българска литература |
| УДК код | 821.163.2 |
| УДК – определител | -4 |
| УДК – код + определител | 821.163.2-4 |
| 100 ## - Редна дума - Автор | |
| Автор | Стоянов, Захарий |
| Биография на автора | Стоянов, Захари |
| Години, свързани с автора | 1850-1889 |
| Пълна форма на името | Джедев, Джендо Стоянов |
| R(LIN) | 364101 |
| 245 10 - Сведения за заглавието | |
| Заглавие | Съчинения |
| Подзаглавни данни | В 3 т. |
| Авторска отговорност | Захари Стоянов ; с предг. от на том Георги Боршуков. |
| Том | Т. 3 |
| Заглавие на том | Публицистика |
| 250 ## - Област на изданието | |
| Поредност на изданието | 2. изд. |
| 257 ## - Страна на издаване | |
| Страна на създаване/издаване | България |
| 260 ## - Област на издателските данни | |
| Име на издателя | Бълг. писател |
| Година на издаване | 1983 - |
| Място на издаване | София |
| 300 ## - Физическа характеристика | |
| Брой страници | 751 с., 8 л. : ил., портр., факс. |
| Размер | 22 см |
| 380 ## - Жанр | |
| Жанр | Худож. лит. |
| 500 ## - Общи забележки | |
| Обща забележка | 1. изд. 1966. - Съдържа и Речник на непознати думи и изрази. - Подв. |
| 651 #4 - Допълнително описание по предмет - топоним | |
| Географско понятие | България |
| 9 (RLIN) | 241624 |
| 659 ## - Тематичен бюлетин | |
| Тематичен бюлетин | К |
| 700 ## - Други автори (авторска отговорност) | |
| Друг автор | Боршуков, Георги Енев |
| 9 (RLIN) | 378105 |
| 852 ## - Местоположение | |
| Сигнатура (форматна) | Цб 123476 |
| 852 ## - Местоположение | |
| Сигнатура (форматна) | К 821.163.2/С 83-З |
| 856 4# - Електронен адрес и достъп | |
| Електронен формат | pdf - файл |
| 856 4# - Електронен адрес и достъп | |
| Електронен формат | pdf - файл |
| 942 ## - АРТИКУЛИ | |
| Вид на библиотечния документ | Книги |
| Скрит в OPAC | Не |
| Koha issues (borrowed), all copies | 1 |
| Периодичен библиозапис | Да |
| 944 ## - СЪЗДАВАНЕ И РЕДАКЦИЯ на ЗАПИСА | |
| Създаване/Редакция | Създаване |
| Дата на регистрацията/редакция | 07.03.2013 |
| Номер на служител | CRON CRON |
| Служител, извършил регистрацията/редакцията | |
| 944 ## - СЪЗДАВАНЕ И РЕДАКЦИЯ на ЗАПИСА | |
| Създаване/Редакция | Редакция |
| Дата на регистрацията/редакция | 2023-0724 |
| Служител, извършил регистрацията/редакцията | ГГГ |
| 999 ## - СИСТЕМНИ КОНТРОЛНИ НОМЕРА | |
| Koha biblionumber | 134557 |
| Koha biblioitemnumber | 134557 |
| Код за отписване | Код за изгубен артикул | Източник на класификационната схема | Код за повреда | Коз за рестрикции | Код за отдаване | Артикулен № | Име на библиотеката - собственик | Име на библиотеката, в която се намира в момента | Статус (Текущо местоположение) | Дата на вписване в системата | Местоположение - отдел | Цена в лева | Инвентарен номер | Систематично азбучна сигнатура | Баркод | Номер на екземпляра | Цена в евро | Служебна бележка | Служебен тип на артикула |
|---|---|---|---|---|---|---|---|---|---|---|---|---|---|---|---|---|---|---|---|
| Не е изгубен | Universal Decimal Classification | Не е повреден | без рестрикции | ползва се в читалня | 219871 | Регионална библиотека "Любен Каравелов" Русе | Регионална библиотека "Любен Каравелов" Русе | Хранилище | 1983-01-01 | Хранилище | 6.61 | 401817 | Цб 123476 | 900000011417 | 1 | 3.38 | Дост: Dp Вид: Д N: Сф Дата: 01.01.1983 | Книги | |
| Изтеглен | Не е изгубен | Universal Decimal Classification | Не е повреден | без рестрикции | заемане за дома | 219872 | Регионална библиотека "Любен Каравелов" Русе | Регионална библиотека "Любен Каравелов" Русе | Заемна - подръчен фонд | 1983-01-01 | Заемна - подръчен фонд | 6.61 | 402107 | П 886.7(081)/С 83 | 402107 | 2 | 3.38 | N: Сф Дата: 01.01.1983 | Книги |
| Не е изгубен | Universal Decimal Classification | Не е повреден | без рестрикции | заемане за дома | 219873 | Регионална библиотека "Любен Каравелов" Русе | Регионална библиотека "Любен Каравелов" Русе | Заемна - подръчен фонд | 1983-01-01 | Заемна - подръчен фонд | 6.61 | 402108 | П 886.7(081)/С 83 | 120000402108 | 3 | 3.38 | N: Сф Дата: 01.01.1983 Дата инв: 12.02.2018 Бележки инв: П2018 | Книги | |
| Не е изгубен | Universal Decimal Classification | Не е повреден | без рестрикции | ползва се в читалня | 219874 | Регионална библиотека "Любен Каравелов" Русе | Регионална библиотека "Любен Каравелов" Русе | Краезнание | 1983-01-01 | Краезнание | 6.61 | 402109 | К 821.163.2/С 83-З | 120000402109 | 4 | 3.38 | N: Сф Дата: 01.01.1983 Дата инв: 07.11.2017 Бележки инв: К2017 | Книги |